000
00285nam a2200121Ia 4500
100
_a
Masani/N.K
942
_c
BK
654
_a
Principles
245
_a
Principles Of Cobol & Fortran Programming
260
_b
Progressive Corpor
_a
Bombay
_c
1982
082
_a
1.6
_b
Mas
546
_a
ENGLISH
999
_c
21320
_d
21320